书目信息 |
| 题名: |
紫竹笔记
|
|
| 作者: | 陈艳敏 著 | |
| 分册: | ||
| 出版信息: | 郑州 大象出版社 2019 |
|
| 页数: | 223页 | |
| 开本: | 24cm | |
| 丛书名: | ||
| 单 册: | ||
| 中图分类: | K928.73 | |
| 科图分类: | ||
| 主题词: | ||
| 电子资源: | ||
| ISBN: | 978-7-5347-9979-2 | |
| 000 | 01126nam0 2200253 450 | |
| 001 | 012001006838 | |
| 005 | 20131017171305.0 | |
| 010 | @a978-7-5347-9979-2@dCNY36.00 | |
| 099 | @aCAL 012019074040 | |
| 100 | @a20190610d2019 em y0chiy50 ea | |
| 101 | 0 | @achi |
| 102 | @aCN@b410000 | |
| 105 | @aa z 000yy | |
| 106 | @ar | |
| 200 | 1 | @a紫竹笔记@Azi zhu bi ji@e我的园子,我的花@f陈艳敏著 |
| 210 | @a郑州@c大象出版社@d2019 | |
| 215 | @a223页@c彩图@d24cm | |
| 330 | @a本书作者以超然的视角和温暖的笔触,记录了身边4A级园林——北京紫竹院从立春到夏至的美好时光和斑斓无尽、生生不息的奇妙时日,以入世的笔调,呈现自然园林的日常状貌和人文景观,以出世的情怀,展示万物的姿彩和生命的意义,于静寂的独处和灵性的觉知中,体悟生命自然,感喟人生世事,呈现自我与自然交融的时刻获得的意外启示与惊喜,唤起读者对自我,对自然,对生活,乃至对生命的深入思考与感喟,眷恋与热爱,感激与感谢。 | |
| 517 | 1 | @a我的园子,我的花@Awo de yuan zi , wo de hua |
| 607 | @a紫竹院公园@Azi zhu yuan gong yuan@x介绍 | |
| 690 | @aK928.73@v5 | |
| 701 | 0 | @a陈艳敏@Achen yan min@4著 |
| 801 | 0 | @aCN@b上海新华@c20191020 |
| 905 | @b1175506-9@dK928.73@e1150@f4 | |
| 紫竹笔记:我的园子,我的花/陈艳敏著.-郑州:大象出版社,2019 |
| 223页:彩图;24cm |
| ISBN 978-7-5347-9979-2:CNY36.00 |
| 本书作者以超然的视角和温暖的笔触,记录了身边4A级园林——北京紫竹院从立春到夏至的美好时光和斑斓无尽、生生不息的奇妙时日,以入世的笔调,呈现自然园林的日常状貌和人文景观,以出世的情怀,展示万物的姿彩和生命的意义,于静寂的独处和灵性的觉知中,体悟生命自然,感喟人生世事,呈现自我与自然交融的时刻获得的意外启示与惊喜,唤起读者对自我,对自然,对生活,乃至对生命的深入思考与感喟,眷恋与热爱,感激与感谢。 |
| ● |
| 相关链接 |
|
|
|
|
正题名:紫竹笔记
索取号:K928.73/1150
 
预约/预借
| 序号 | 登录号 | 条形码 | 馆藏地/架位号 | 状态 | 备注 |
| 1 | 1175506 | 211755064 | 第二样本阅览室/ [索取号:K928.73/1150] | 在馆 | |
| 2 | 1175507 | 211755073 | 第二借阅区/ [索取号:K928.73/1150] | 在馆 | |
| 3 | 1175508 | 211755082 | 第二借阅区/ [索取号:K928.73/1150] | 在馆 | |
| 4 | 1175509 | 211755091 | 第二借阅区/ [索取号:K928.73/1150] | 在馆 |